000 01167nam a22002535i 4500
001 162587
003 ES-MaACL
005 20251003162103.0
008 940301m18611862sp a |||| | spa d
040 _aAS
_bspa
080 _a821.134.2-191"18"
100 1 _aPríncipe, Miguel Agustín,
_d1811-1863
_9131397
245 1 0 _aFábulas en verso castellano y en variedad de metros /
_cpor Miguel Agustín Príncipe.
250 _a1ª ed.
_badornada con 18 láms. litografiadas ... por Mugica y Donon, precedida de un prólogo que contiene la historia de la fábula desde Esopo hasta nuestros días, y seguida de un Arte métrica...
260 _aMadrid :
_b[s.n.],
_c1861-1862 (
_fImprenta de M. Ibo Alfaro, a cargo de Gómez Vera)
300 _aXXX, 680 p., [18] h. de lám. ;
_c17 cm.
530 _aDisponible en formato digital.
596 1 _aFecha en pie de imp.: "1861 y 1862"
700 1 _aMúgica y Pérez, Carlos,
_dn. 1821
_9155110
700 1 _aDonon, Julio.
_9155111
852 _aES-MaACL
_jD-1889
_z-- Enc. hol.
856 _uhttp://bdh-rd.bne.es/viewer.vm?id=0000047161&page=1
_zBiblioteca Digital Hispánica
999 _c162587
_d162587